{"text_format":"1","workbook":"xlsx","n_sheets":2,"sheets":["Данные","Лист1"],"not_rendered":{"charts":0,"images":0,"macros":1,"external_links":0,"defined_names":4,"comments":0,"pivot_tables":0},"unopened":[],"bounds":{"document_bytes":16777216,"sheet_cells":100000,"rows_first":2000,"rows_last":500,"rows_between":2000,"halvings":0,"cell_chars":16384,"cell_head_chars":4096},"cells_cut":0,"cells_raw":0,"read":"whole","date_system":"1900"}

{"sheet":"Данные","index":0,"n_rows":188,"n_cols":10,"rows_kept":188,"cut":false,"hidden":false,"merged":[[1,0,1,9]]}
[null,null,null,null,null,null,null,null,"Приложение №1"]
["Перечень актуальных и готовых к реализации невостребованных МТР"]
[]
["Наименование лота","Наименование ОГ","№ лота","№ позиции","Наименование неликвидных (НЛ) и невостребованных ликвидных (НВЛ) материалов","Ед. изм","Количество","Мин. цена реализации за ед., руб., без НДС ","Сумма, руб. без НДС","Место нахождения"]
["Плита ROCKWOOL ","ПАО АНК \"Башнефть\" \"Башнефть-Новойл\"",1,1,"Плита ROCKWOOL Руф Баттс Оптима 140мм","М3",77.724000000000004,3924.26,{"$f":"G5*H5","v":305009.18424000003},"450045, г. Уфа, ПАО АНК \"Башнефть\" \"Башнефть-Новойл\""]
["Плита ROCKWOOL ","ПАО АНК \"Башнефть\" \"Башнефть-Новойл\"",1,2,"Плита ROCKWOOL Лайт Баттс 100мм","М3",57.1,1911,109118.1,"450045, г. Уфа, ПАО АНК \"Башнефть\" \"Башнефть-Новойл\""]
["Плита ROCKWOOL ","ПАО АНК \"Башнефть\" \"Башнефть-Новойл\"",1,3,"Плита ROCKWOOL Руф Баттс Оптима 140мм","М3",30.41,3924.26,119336.74660000001,"450045, г. Уфа, ПАО АНК \"Башнефть\" \"Башнефть-Новойл\""]
["Огнеупорные материалы","ПАО АНК \"Башнефть\" \"Башнефть-Новойл\"",2,4,"Кирпич ШЛ-1.0 №42","Т",1.716,18423.57,31614.846119999998,"450045, г. Уфа, ПАО АНК \"Башнефть\" \"Башнефть-Новойл\""]
["Огнеупорные материалы","ПАО АНК \"Башнефть\" \"Башнефть-Новойл\"",2,5,"Кирпич ШЛ-1.0-23 ГОСТ 390","Т",1.05,9851.7999999999993,10344.39,"450045, г. Уфа, ПАО АНК \"Башнефть\" \"Башнефть-Новойл\""]
["Огнеупорные материалы","ПАО АНК \"Башнефть\" \"Башнефть-Новойл\"",2,6,"Кирпич ШЛ-1.3-42","Т",5.7,15138.46,86289.221999999994,"450045, г. Уфа, ПАО АНК \"Башнефть\" \"Башнефть-Новойл\""]
["Огнеупорные материалы","ПАО АНК \"Башнефть\" \"Башнефть-Новойл\"",2,7,"Кирпич ШЛ-1.3-43","Т",0.7,10221.69,7155.183,"450045, г. Уфа, ПАО АНК \"Башнефть\" \"Башнефть-Новойл\""]
["Огнеупорные материалы","ПАО АНК \"Башнефть\" \"Башнефть-Новойл\"",2,8,"Кирпич ШЛБ-1.0-42","Т",5.7,12180,69426,"450045, г. Уфа, ПАО АНК \"Башнефть\" \"Башнефть-Новойл\""]
["Огнеупорные материалы","ПАО АНК \"Башнефть\" \"Башнефть-Новойл\"",2,9,"Кирпич ШЛБ-1.0-44","Т",0.67,12180,8160.6,"450045, г. Уфа, ПАО АНК \"Башнефть\" \"Башнефть-Новойл\""]
["Огнеупорные материалы","ПАО АНК \"Башнефть\" \"Башнефть-Новойл\"",2,10,"Кирпич ШЛБ-1.0-8 ГОСТ 5040","Т",4.1950000000000003,7988.34,33511.086300000003,"450045, г. Уфа, ПАО АНК \"Башнефть\" \"Башнефть-Новойл\""]
["Огнеупорные материалы","ПАО АНК \"Башнефть\" \"Башнефть-Новойл\"",2,11,"Х Кирпич ШБ-44(шт)","ШТ",200,3.58,716,"450045, г. Уфа, ПАО АНК \"Башнефть\" \"Башнефть-Новойл\""]
["Огнеупорные материалы","ПАО АНК \"Башнефть\" \"Башнефть-Новойл\"",2,12,"Х Кирпич ШБ-44(шт)","ШТ",150,3.58,537,"450045, г. Уфа, ПАО АНК \"Башнефть\" \"Башнефть-Новойл\""]
["Метизы","ПАО АНК \"Башнефть\" \"Башнефть-Новойл\"",3,13,"Гвозди строительные 4,0Х100","КГ",6.1760000000000002,28.38,175.27488,"450045, г. Уфа, ПАО АНК \"Башнефть\" \"Башнефть-Новойл\""]
["Метизы","ПАО АНК \"Башнефть\" \"Башнефть-Новойл\"",3,14,"Анкер-клин 6Х40","ШТ",2300,3.61,8303,"450045, г. Уфа, ПАО АНК \"Башнефть\" \"Башнефть-Новойл\""]
["Метизы","ПАО АНК \"Башнефть\" \"Башнефть-Новойл\"",3,15,"Гвозди строительные 4,0Х100","КГ",65.123999999999995,28.38,1848.2191199999997,"450045, г. Уфа, ПАО АНК \"Башнефть\" \"Башнефть-Новойл\""]
["Метизы","ПАО АНК \"Башнефть\" \"Башнефть-Новойл\"",3,16,"Гвозди строительные 4,0Х100","КГ",8.8000000000000007,28.38,{"$f":"G20*H20","v":249.744},"450045, г. Уфа, ПАО АНК \"Башнефть\" \"Башнефть-Новойл\""]
["Метизы","ПАО АНК \"Башнефть\" \"Башнефть-Новойл\"",3,17,"Гвозди строительные 4,0Х100","КГ",147.1,28.38,4174.6979999999994,"450045, г. Уфа, ПАО АНК \"Башнефть\" \"Башнефть-Новойл\""]
["Метизы","ПАО АНК \"Башнефть\" \"Башнефть-Новойл\"",3,18,"Гвозди строительные 4,0Х100","КГ",2.4E-2,28.38,0.68111999999999995,"450045, г. Уфа, ПАО АНК \"Башнефть\" \"Башнефть-Новойл\""]
["Метизы","ПАО АНК \"Башнефть\" \"Башнефть-Новойл\"",3,19,"Гвозди строительные 4,0Х100","КГ",4.9000000000000004,28.38,139.06200000000001,"450045, г. Уфа, ПАО АНК \"Башнефть\" \"Башнефть-Новойл\""]
["Метизы","ПАО АНК \"Башнефть\" \"Башнефть-Новойл\"",3,20,"Гвозди строительные 4,0Х150","КГ",15,28.38,425.7,"450045, г. Уфа, ПАО АНК \"Башнефть\" \"Башнефть-Новойл\""]
["Метизы","ПАО АНК \"Башнефть\" \"Башнефть-Новойл\"",3,21,"Гвозди строительные 5,0Х150","КГ",65,28.38,1844.7,"450045, г. Уфа, ПАО АНК \"Башнефть\" \"Башнефть-Новойл\""]
["Метизы","ПАО АНК \"Башнефть\" \"Башнефть-Новойл\"",3,22,"Гвозди строительные 5,0Х150","КГ",15,28.38,425.7,"450045, г. Уфа, ПАО АНК \"Башнефть\" \"Башнефть-Новойл\""]
["Метизы","ПАО АНК \"Башнефть\" \"Башнефть-Новойл\"",3,23,"Гвозди строительные 5,0Х150","КГ",8,28.38,227.04,"450045, г. Уфа, ПАО АНК \"Башнефть\" \"Башнефть-Новойл\""]
["Метизы","ПАО АНК \"Башнефть\" \"Башнефть-Новойл\"",3,24,"Гвозди строительные 5,0Х150","КГ",28,28.38,794.64,"450045, г. Уфа, ПАО АНК \"Башнефть\" \"Башнефть-Новойл\""]
["Метизы","ПАО АНК \"Башнефть\" \"Башнефть-Новойл\"",3,25,"Гвозди строительные 5,0Х150","КГ",25,28.38,709.5,"450045, г. Уфа, ПАО АНК \"Башнефть\" \"Башнефть-Новойл\""]
["Метизы","ПАО АНК \"Башнефть\" \"Башнефть-Новойл\"",3,26,"Гвозди строительные 5,0Х150","КГ",303,28.38,8599.14,"450045, г. Уфа, ПАО АНК \"Башнефть\" \"Башнефть-Новойл\""]
["Метизы","ПАО АНК \"Башнефть\" \"Башнефть-Новойл\"",3,27,"Гвозди строительные 5,0Х150","КГ",640,28.38,18163.2,"450045, г. Уфа, ПАО АНК \"Башнефть\" \"Башнефть-Новойл\""]
["Метизы","ПАО АНК \"Башнефть\" \"Башнефть-Новойл\"",3,28,"Гвозди строительные 6,0Х200","КГ",59.16,28.38,1678.9607999999998,"450045, г. Уфа, ПАО АНК \"Башнефть\" \"Башнефть-Новойл\""]
["Метизы","ПАО АНК \"Башнефть\" \"Башнефть-Новойл\"",3,29,"Гвоздь 1.8х40","КГ",10,30.79,307.89999999999998,"450045, г. Уфа, ПАО АНК \"Башнефть\" \"Башнефть-Новойл\""]
["Метизы","ПАО АНК \"Башнефть\" \"Башнефть-Новойл\"",3,30,"Гвоздь 2.2х40","КГ",8,31.23,249.84,"450045, г. Уфа, ПАО АНК \"Башнефть\" \"Башнефть-Новойл\""]
["Метизы","ПАО АНК \"Башнефть\" \"Башнефть-Новойл\"",3,31,"Заклепка алюминиевая 3,2х8","ШТ",6400,0.36,2304,"450045, г. Уфа, ПАО АНК \"Башнефть\" \"Башнефть-Новойл\""]
["Метизы","ПАО АНК \"Башнефть\" \"Башнефть-Новойл\"",3,32,"Заклепка алюминиевая 3,2х8","ШТ",300,0.36,108,"450045, г. Уфа, ПАО АНК \"Башнефть\" \"Башнефть-Новойл\""]
["Метизы","ПАО АНК \"Башнефть\" \"Башнефть-Новойл\"",3,33,"Заклепка алюминий 4х12","ШТ",1400,0.36,504,"450045, г. Уфа, ПАО АНК \"Башнефть\" \"Башнефть-Новойл\""]
["Метизы","ПАО АНК \"Башнефть\" \"Башнефть-Новойл\"",3,34,"Заклепка комб. 3х10","ШТ",1600,0.48,768,"450045, г. Уфа, ПАО АНК \"Башнефть\" \"Башнефть-Новойл\""]
["Метизы","ПАО АНК \"Башнефть\" \"Башнефть-Новойл\"",3,35,"Заклепка комб. 4х10","ШТ",4200,0.51,2142,"450045, г. Уфа, ПАО АНК \"Башнефть\" \"Башнефть-Новойл\""]
["Метизы","ПАО АНК \"Башнефть\" \"Башнефть-Новойл\"",3,36,"Заклепка комб. 4х12","ШТ",682,2.6,1773.2,"450045, г. Уфа, ПАО АНК \"Башнефть\" \"Башнефть-Новойл\""]
["Метизы","ПАО АНК \"Башнефть\" \"Башнефть-Новойл\"",3,37,"Заклепка комб. 4х12","ШТ",1991,0.52,1035.32,"450045, г. Уфа, ПАО АНК \"Башнефть\" \"Башнефть-Новойл\""]
["Метизы","ПАО АНК \"Башнефть\" \"Башнефть-Новойл\"",3,38,"Заклепка комб. 4х12","ШТ",500,0.52,260,"450045, г. Уфа, ПАО АНК \"Башнефть\" \"Башнефть-Новойл\""]
["Метизы","ПАО АНК \"Башнефть\" \"Башнефть-Новойл\"",3,39,"Заклепка сталь 4х24","ШТ",5000,1.51,7550,"450045, г. Уфа, ПАО АНК \"Башнефть\" \"Башнефть-Новойл\""]
["Метизы","ПАО АНК \"Башнефть\" \"Башнефть-Новойл\"",3,40,"Саморез оц. пр/ш. по мет. 4.2х16","ТШТ",204.863,556.76,114059.52387999999,"450045, г. Уфа, ПАО АНК \"Башнефть\" \"Башнефть-Новойл\""]
["Метизы","ПАО АНК \"Башнефть\" \"Башнефть-Новойл\"",3,41,"Шуруп Hilti S-MD01Z M4.8х19","ШТ",5360,0.97,5199.2,"450045, г. Уфа, ПАО АНК \"Башнефть\" \"Башнефть-Новойл\""]
["Метизы","ПАО АНК \"Башнефть\" \"Башнефть-Новойл\"",3,42,"Шуруп Hilti S-MD01Z M4.8х19","ШТ",2230,0.99,2207.6999999999998,"450045, г. Уфа, ПАО АНК \"Башнефть\" \"Башнефть-Новойл\""]
["Метизы","ПАО АНК \"Башнефть\" \"Башнефть-Новойл\"",3,43,"Шуруп Hilti S-MD52Z M6.3х63","ШТ",2200,3.67,8074,"450045, г. Уфа, ПАО АНК \"Башнефть\" \"Башнефть-Новойл\""]
["Метизы","ПАО АНК \"Башнефть\" \"Башнефть-Новойл\"",3,44,"Шуруп Hilti S-MD53Z M4.8х19","ШТ",550,2.4700000000000002,1358.5,"450045, г. Уфа, ПАО АНК \"Башнефть\" \"Башнефть-Новойл\""]
["Метизы","ПАО АНК \"Башнефть\" \"Башнефть-Новойл\"",3,45,"Шуруп Hilti S-MD55Z M5.5х63","ШТ",3480,6.59,22933.200000000001,"450045, г. Уфа, ПАО АНК \"Башнефть\" \"Башнефть-Новойл\""]
["Метизы","ПАО АНК \"Башнефть\" \"Башнефть-Новойл\"",3,46,"Шуруп Hilti S-MP52Z M6.3х63","ШТ",1200,3.94,4728,"450045, г. Уфа, ПАО АНК \"Башнефть\" \"Башнефть-Новойл\""]
["Метизы","ПАО АНК \"Башнефть\" \"Башнефть-Новойл\"",3,47,"Шуруп Hilti S-MP53Z 6.5х63","ШТ",600,3.97,2382,"450045, г. Уфа, ПАО АНК \"Башнефть\" \"Башнефть-Новойл\""]
["Метизы","ПАО АНК \"Башнефть\" \"Башнефть-Новойл\"",3,48,"Шуруп S-MD25Z 5.5X38 art.00234598","ШТ",1000,3.53,3530,"450045, г. Уфа, ПАО АНК \"Башнефть\" \"Башнефть-Новойл\""]
["Метизы","ПАО АНК \"Башнефть\" \"Башнефть-Новойл\"",3,49,"Шуруп S-MD25Z 5.5X38 art.00234598","ШТ",3000,3.44,10320,"450045, г. Уфа, ПАО АНК \"Башнефть\" \"Башнефть-Новойл\""]
["Метизы","ПАО АНК \"Башнефть\" \"Башнефть-Новойл\"",3,50,"Шуруп S-MD51Z М4.8х19","ШТ",500,0.35,175,"450045, г. Уфа, ПАО АНК \"Башнефть\" \"Башнефть-Новойл\""]
["Метизы","ПАО АНК \"Башнефть\" \"Башнефть-Новойл\"",3,51,"Шуруп S-MD51Z М4.8х19","ШТ",200,0.35,70,"450045, г. Уфа, ПАО АНК \"Башнефть\" \"Башнефть-Новойл\""]
["Метизы","ПАО АНК \"Башнефть\" \"Башнефть-Новойл\"",3,52,"Шуруп М3.5Х13","КГ",58,93.09,5399.22,"450045, г. Уфа, ПАО АНК \"Башнефть\" \"Башнефть-Новойл\""]
["Метизы","ПАО АНК \"Башнефть\" \"Башнефть-Новойл\"",3,53,"Шуруп М3х16","КГ",19,10.69,203.10999999999999,"450045, г. Уфа, ПАО АНК \"Башнефть\" \"Башнефть-Новойл\""]
["Метизы","ПАО АНК \"Башнефть\" \"Башнефть-Новойл\"",3,54,"Шуруп М3х20","КГ",17.100000000000001,10.25,175.27500000000001,"450045, г. Уфа, ПАО АНК \"Башнефть\" \"Башнефть-Новойл\""]
["Метизы","ПАО АНК \"Башнефть\" \"Башнефть-Новойл\"",3,55,"Шуруп М3х35 оц.","КГ",0.5,1625.12,812.56,"450045, г. Уфа, ПАО АНК \"Башнефть\" \"Башнефть-Новойл\""]
["Метизы","ПАО АНК \"Башнефть\" \"Башнефть-Новойл\"",3,56,"Шуруп М4.2х13","КГ",0.7,80.41,56.286999999999992,"450045, г. Уфа, ПАО АНК \"Башнефть\" \"Башнефть-Новойл\""]
["Метизы","ПАО АНК \"Башнефть\" \"Башнефть-Новойл\"",3,57,"Шуруп М4.2х13","КГ",7.08,80.319999999999993,568.66559999999993,"450045, г. Уфа, ПАО АНК \"Башнефть\" \"Башнефть-Новойл\""]
["Метизы","ПАО АНК \"Башнефть\" \"Башнефть-Новойл\"",3,58,"Шуруп М4.2х19","КГ",100,80.41,8041,"450045, г. Уфа, ПАО АНК \"Башнефть\" \"Башнефть-Новойл\""]
["Метизы","ПАО АНК \"Башнефть\" \"Башнефть-Новойл\"",3,59,"Шуруп М4Х13","КГ",196,69.790000000000006,13678.840000000002,"450045, г. Уфа, ПАО АНК \"Башнефть\" \"Башнефть-Новойл\""]
["Метизы","ПАО АНК \"Башнефть\" \"Башнефть-Новойл\"",3,60,"Шуруп М4Х16","КГ",11.1,17.53,194.583,"450045, г. Уфа, ПАО АНК \"Башнефть\" \"Башнефть-Новойл\""]
["Метизы","ПАО АНК \"Башнефть\" \"Башнефть-Новойл\"",3,61,"Шуруп М4Х25","КГ",90.8,69.709999999999994,6329.6679999999997,"450045, г. Уфа, ПАО АНК \"Башнефть\" \"Башнефть-Новойл\""]
["Метизы","ПАО АНК \"Башнефть\" \"Башнефть-Новойл\"",3,62,"Шуруп М5х60","КГ",34.700000000000003,17.53,608.29100000000005,"450045, г. Уфа, ПАО АНК \"Башнефть\" \"Башнефть-Новойл\""]
["Метизы","ПАО АНК \"Башнефть\" \"Башнефть-Новойл\"",3,63,"Шуруп Hilti S-MD53Z M4.8х19","ШТ",220,2.4700000000000002,543.40000000000009,"450045, г. Уфа, ПАО АНК \"Башнефть\" \"Башнефть-Новойл\""]
["Строительные материалы","ПАО АНК \"Башнефть\" \"Башнефть-Новойл\"",4,64,"Колено чугунное 100","ШТ",1,191.38,191.38,"450045, г. Уфа, ПАО АНК \"Башнефть\" \"Башнефть-Новойл\""]
["Строительные материалы","ПАО АНК \"Башнефть\" \"Башнефть-Новойл\"",4,65,"Лист гипсокарт. ГКЛВ-А-УК-2500х1200х12,5","ШТ",33,144.9,4781.7,"450045, г. Уфа, ПАО АНК \"Башнефть\" \"Башнефть-Новойл\""]
["Строительные материалы","ПАО АНК \"Башнефть\" \"Башнефть-Новойл\"",4,66,"Паста колеровочная Палитра №18 черная","Л",2,179.74,359.48,"450045, г. Уфа, ПАО АНК \"Башнефть\" \"Башнефть-Новойл\""]
["Строительные материалы","ПАО АНК \"Башнефть\" \"Башнефть-Новойл\"",4,67,"Сетка строительная самокл. 50 мм х 153 м","ШТ",2,188.03,376.06,"450045, г. Уфа, ПАО АНК \"Башнефть\" \"Башнефть-Новойл\""]
["Строительные материалы","ПАО АНК \"Башнефть\" \"Башнефть-Новойл\"",4,68,"Сетка строительная самокл. 50 мм х 153 м","ШТ",1,188.03,188.03,"450045, г. Уфа, ПАО АНК \"Башнефть\" \"Башнефть-Новойл\""]
["Строительные материалы","ПАО АНК \"Башнефть\" \"Башнефть-Новойл\"",4,69,"Дождеприемник ДК","ШТ",1,2801.31,2801.31,"450045, г. Уфа, ПАО АНК \"Башнефть\" \"Башнефть-Новойл\""]
["Строительные материалы","ПАО АНК \"Башнефть\" \"Башнефть-Новойл\"",4,70,"Дробь чугунная ДЧК 08","КГ",3000,14.28,42840,"450045, г. Уфа, ПАО АНК \"Башнефть\" \"Башнефть-Новойл\""]
["Строительные материалы","ПАО АНК \"Башнефть\" \"Башнефть-Новойл\"",4,71,"Колено чугунное 100","ШТ",2,191.38,382.76,"450045, г. Уфа, ПАО АНК \"Башнефть\" \"Башнефть-Новойл\""]
["Строительные материалы","ПАО АНК \"Башнефть\" \"Башнефть-Новойл\"",4,72,"Колено чугунное 100","ШТ",7,191.38,1339.6599999999999,"450045, г. Уфа, ПАО АНК \"Башнефть\" \"Башнефть-Новойл\""]
["Строительные материалы","ПАО АНК \"Башнефть\" \"Башнефть-Новойл\"",4,73,"Колено чугунное 200","ШТ",1,9983.6299999999992,9983.6299999999992,"450045, г. Уфа, ПАО АНК \"Башнефть\" \"Башнефть-Новойл\""]
["Строительные материалы","ПАО АНК \"Башнефть\" \"Башнефть-Новойл\"",4,74,"Колено чугунное К-50 ГОСТ 6942-98","ШТ",4,96.1,384.4,"450045, г. Уфа, ПАО АНК \"Башнефть\" \"Башнефть-Новойл\""]
["Строительные материалы","ПАО АНК \"Башнефть\" \"Башнефть-Новойл\"",4,75,"Лист гипсокарт. ГКЛВ-А-УК-2500х1200х12,5","ШТ",37,144.9,5361.3,"450045, г. Уфа, ПАО АНК \"Башнефть\" \"Башнефть-Новойл\""]
["Строительные материалы","ПАО АНК \"Башнефть\" \"Башнефть-Новойл\"",4,76,"Лист гипсокарт. ГКЛВ-А-УК-2500х1200х12,5","ШТ",67,144.9,9708.3000000000011,"450045, г. Уфа, ПАО АНК \"Башнефть\" \"Башнефть-Новойл\""]
["Строительные материалы","ПАО АНК \"Башнефть\" \"Башнефть-Новойл\"",4,77,"Обертка Полилен 40-ОБ-63","КГ",52,127.18,6613.3600000000006,"450045, г. Уфа, ПАО АНК \"Башнефть\" \"Башнефть-Новойл\""]
["Строительные материалы","ПАО АНК \"Башнефть\" \"Башнефть-Новойл\"",4,78,"Паста колеровочная Палитра №18 черная","Л",1,179.74,179.74,"450045, г. Уфа, ПАО АНК \"Башнефть\" \"Башнефть-Новойл\""]
["Строительные материалы","ПАО АНК \"Башнефть\" \"Башнефть-Новойл\"",4,79,"Покрытие огнезащитное по дереву ТРИЗ","КГ",400,16.12,6448,"450045, г. Уфа, ПАО АНК \"Башнефть\" \"Башнефть-Новойл\""]
["Строительные материалы","ПАО АНК \"Башнефть\" \"Башнефть-Новойл\"",4,80,"Прокладка Д-300-6,3-ТМКЩ-С","ШТ",2,505.88,{"$f":"G84*H84","v":1011.76},"450045, г. Уфа, ПАО АНК \"Башнефть\" \"Башнефть-Новойл\""]
["Строительные материалы","ПАО АНК \"Башнефть\" \"Башнефть-Новойл\"",4,81,"Сетка арм. 2С 12A-III-200 105х105 23279","КГ",112,33.229999999999997,3721.7599999999998,"450045, г. Уфа, ПАО АНК \"Башнефть\" \"Башнефть-Новойл\""]
["Строительные материалы","ПАО АНК \"Башнефть\" \"Башнефть-Новойл\"",4,82,"Сетка арм. 2С 14A-III-200 600Х600","КГ",200,488.31,97662,"450045, г. Уфа, ПАО АНК \"Башнефть\" \"Башнефть-Новойл\""]
["Строительные материалы","ПАО АНК \"Башнефть\" \"Башнефть-Новойл\"",4,83,"Сетка арм. 4С 5Вр1-100 550х550","КГ",478.8,34.340000000000003,16441.992000000002,"450045, г. Уфа, ПАО АНК \"Башнефть\" \"Башнефть-Новойл\""]
["Строительные материалы","ПАО АНК \"Башнефть\" \"Башнефть-Новойл\"",4,84,"Сетка пров. тканая 2-0,5-0,25 НУ","М2",215,147.38999999999999,31688.85,"450045, г. Уфа, ПАО АНК \"Башнефть\" \"Башнефть-Новойл\""]
["Строительные материалы","ПАО АНК \"Башнефть\" \"Башнефть-Новойл\"",4,85,"Сетка сварная 5Вр-1 100 ГОСТ 8478","Т",6.0000000000000001E-3,31641.69,189.85013999999998,"450045, г. Уфа, ПАО АНК \"Башнефть\" \"Башнефть-Новойл\""]
["Строительные материалы","ПАО АНК \"Башнефть\" \"Башнефть-Новойл\"",4,86,"Сетка строительная самокл. 50 мм х 153 м","ШТ",1,188.03,188.03,"450045, г. Уфа, ПАО АНК \"Башнефть\" \"Башнефть-Новойл\""]
["Строительные материалы","ПАО АНК \"Башнефть\" \"Башнефть-Новойл\"",4,87,"Сетка тк. П 5 0.7х5мм НУ ГОСТ 3826","М2",33,25.59,844.47,"450045, г. Уфа, ПАО АНК \"Башнефть\" \"Башнефть-Новойл\""]
["Строительные материалы","ПАО АНК \"Башнефть\" \"Башнефть-Новойл\"",4,88,"Скоба МН801 1.400-15","ШТ",6,65.39,392.34000000000003,"450045, г. Уфа, ПАО АНК \"Башнефть\" \"Башнефть-Новойл\""]
["Строительные материалы","ПАО АНК \"Башнефть\" \"Башнефть-Новойл\"",4,89,"Скребок WEM302700-T05 (270х282,02х8,4)","ШТ",4,24805.88,99223.52,"450045, г. Уфа, ПАО АНК \"Башнефть\" \"Башнефть-Новойл\""]
["Строительные материалы","ПАО АНК \"Башнефть\" \"Башнефть-Новойл\"",4,90,"Х Вата кипная","КГ",100,109.76,10976,"450045, г. Уфа, ПАО АНК \"Башнефть\" \"Башнефть-Новойл\""]
["Строительные материалы","ПАО АНК \"Башнефть\" \"Башнефть-Новойл\"",4,91,"Х Элемент проходной серый","ШТ",2,302.63,605.26,"450045, г. Уфа, ПАО АНК \"Башнефть\" \"Башнефть-Новойл\""]
["Строительные материалы","ПАО АНК \"Башнефть\" \"Башнефть-Новойл\"",4,92,"Муфта асбестоцементная БНМ 100","ШТ",9,31.5,283.5,"450045, г. Уфа, ПАО АНК \"Башнефть\" \"Башнефть-Новойл\""]
["Строительные материалы","ПАО АНК \"Башнефть\" \"Башнефть-Новойл\"",4,93,"Труба БНТ 100-3950","ШТ",1,289.85000000000002,289.85000000000002,"450045, г. Уфа, ПАО АНК \"Башнефть\" \"Башнефть-Новойл\""]
["Строительные материалы","ПАО АНК \"Башнефть\" \"Башнефть-Новойл\"",4,94,"Труба асбестоцементная ВТ-9 100х3950","ШТ",4,382.62,1530.48,"450045, г. Уфа, ПАО АНК \"Башнефть\" \"Башнефть-Новойл\""]
["Строительные материалы","ПАО АНК \"Башнефть\" \"Башнефть-Новойл\"",4,95,"Труба БНМ 150-3950","ШТ",3,425.74,1277.22,"450045, г. Уфа, ПАО АНК \"Башнефть\" \"Башнефть-Новойл\""]
["Строительные материалы","ПАО АНК \"Башнефть\" \"Башнефть-Новойл\"",4,96,"Труба БНТ 100-3950","ШТ",21,289.85000000000002,6086.85,"450045, г. Уфа, ПАО АНК \"Башнефть\" \"Башнефть-Новойл\""]
["Строительные материалы","ПАО АНК \"Башнефть\" \"Башнефть-Новойл\"",4,97,"Муфта асбестоцементная БНМ 100","ШТ",50,31.5,1575,"450045, г. Уфа, ПАО АНК \"Башнефть\" \"Башнефть-Новойл\""]
["Строительные материалы","ПАО АНК \"Башнефть\" \"Башнефть-Новойл\"",4,98,"Муфта асбестоцементная БНМ 150","ШТ",2,31.5,63,"450045, г. Уфа, ПАО АНК \"Башнефть\" \"Башнефть-Новойл\""]
["Строительные материалы","ПАО АНК \"Башнефть\" \"Башнефть-Новойл\"",4,99,"Муфта асбестоцементная БНМ 200","ШТ",14,114.83,1607.62,"450045, г. Уфа, ПАО АНК \"Башнефть\" \"Башнефть-Новойл\""]
["Строительные материалы","ПАО АНК \"Башнефть\" \"Башнефть-Новойл\"",4,100,"Муфта асбестоцементная ВТ-9 100","ШТ",3,74.53,223.59,"450045, г. Уфа, ПАО АНК \"Башнефть\" \"Башнефть-Новойл\""]
["Строительные материалы","ПАО АНК \"Башнефть\" \"Башнефть-Новойл\"",4,101,"Кирпич КП класс Б","КГ",17500,6.92,121100,"450045, г. Уфа, ПАО АНК \"Башнефть\" \"Башнефть-Новойл\""]
["Строительные материалы","ПАО АНК \"Башнефть\" \"Башнефть-Новойл\"",4,102,"Кирпич КП класс Б","КГ",4420,6.92,30586.400000000001,"450045, г. Уфа, ПАО АНК \"Башнефть\" \"Башнефть-Новойл\""]
["Строительные материалы","ПАО АНК \"Башнефть\" \"Башнефть-Новойл\"",4,103,"Кирпич КП класс Б","КГ",14880,6.92,102969.60000000001,"450045, г. Уфа, ПАО АНК \"Башнефть\" \"Башнефть-Новойл\""]
["Строительные материалы","ПАО АНК \"Башнефть\" \"Башнефть-Новойл\"",4,104,"Кирпич КП класс Б","КГ",2380,6.92,16469.599999999999,"450045, г. Уфа, ПАО АНК \"Башнефть\" \"Башнефть-Новойл\""]
["Строительные материалы","ПАО АНК \"Башнефть\" \"Башнефть-Новойл\"",4,105,"Кирпич огнеупорный марка ОК-56","Т",0.15,7487.46,1123.1189999999999,"450045, г. Уфа, ПАО АНК \"Башнефть\" \"Башнефть-Новойл\""]
["Строительные материалы","ПАО АНК \"Башнефть\" \"Башнефть-Новойл\"",4,106,"Кирпич огнеупорный марка ША-I-45","Т",0.45,6682.68,3007.2060000000001,"450045, г. Уфа, ПАО АНК \"Башнефть\" \"Башнефть-Новойл\""]
["Строительные материалы","ПАО АНК \"Башнефть\" \"Башнефть-Новойл\"",4,107,"Кирпич ША-44 ГОСТ 5040","Т",0.04,6682.68,267.30720000000002,"450045, г. Уфа, ПАО АНК \"Башнефть\" \"Башнефть-Новойл\""]
["Строительные материалы","ПАО АНК \"Башнефть\" \"Башнефть-Новойл\"",4,108,"Кирпич огнеупорный марка ОК-24","Т",1.0309999999999999,7759.54,8000.0857399999995,"450045, г. Уфа, ПАО АНК \"Башнефть\" \"Башнефть-Новойл\""]
["Строительные материалы","ПАО АНК \"Башнефть\" \"Башнефть-Новойл\"",4,109,"Кирпич огнеупорный марка ОК-24","Т",1.0269999999999999,5116.8999999999996,5255.0562999999993,"450045, г. Уфа, ПАО АНК \"Башнефть\" \"Башнефть-Новойл\""]
["Строительные материалы","ПАО АНК \"Башнефть\" \"Башнефть-Новойл\"",4,110,"Кирпич огнеупорный марка ОК-24","Т",3.3,8088.11,26690.762999999999,"450045, г. Уфа, ПАО АНК \"Башнефть\" \"Башнефть-Новойл\""]
["Строительные материалы","ПАО АНК \"Башнефть\" \"Башнефть-Новойл\"",4,111,"Кирпич огнеупорный марка ОК-51","Т",0.34599999999999997,5288.56,1829.84176,"450045, г. Уфа, ПАО АНК \"Башнефть\" \"Башнефть-Новойл\""]
["Строительные материалы","ПАО АНК \"Башнефть\" \"Башнефть-Новойл\"",4,112,"Кирпич огнеупорный марка ОК-56","Т",3.044,7403.78,22537.106319999999,"450045, г. Уфа, ПАО АНК \"Башнефть\" \"Башнефть-Новойл\""]
["Строительные материалы","ПАО АНК \"Башнефть\" \"Башнефть-Новойл\"",4,113,"Кирпич огнеупорный марка ОК-56","Т",1.0880000000000001,7423.1,8076.332800000001,"450045, г. Уфа, ПАО АНК \"Башнефть\" \"Башнефть-Новойл\""]
["Строительные материалы","ПАО АНК \"Башнефть\" \"Башнефть-Новойл\"",4,114,"Кирпич огнеупорный марка ОК-56","Т",1.3320000000000001,7487.46,9973.2967200000003,"450045, г. Уфа, ПАО АНК \"Башнефть\" \"Башнефть-Новойл\""]
["Строительные материалы","ПАО АНК \"Башнефть\" \"Башнефть-Новойл\"",4,115,"Кирпич огнеупорный марка ОК-58","Т",0.86799999999999999,6057.5,5257.91,"450045, г. Уфа, ПАО АНК \"Башнефть\" \"Башнефть-Новойл\""]
["Строительные материалы","ПАО АНК \"Башнефть\" \"Башнефть-Новойл\"",4,116,"Кирпич огнеупорный марка ША-I-27","Т",12.724,4735.63,60256.15612,"450045, г. Уфа, ПАО АНК \"Башнефть\" \"Башнефть-Новойл\""]
["Строительные материалы","ПАО АНК \"Башнефть\" \"Башнефть-Новойл\"",4,117,"Кирпич огнеупорный марка ША-I-45","Т",1.55,6682.68,10358.154,"450045, г. Уфа, ПАО АНК \"Башнефть\" \"Башнефть-Новойл\""]
["Строительные материалы","ПАО АНК \"Башнефть\" \"Башнефть-Новойл\"",4,118,"Кирпич огнеупорный марка ШЛ-1,0-8","Т",7,38138.199999999997,266967.39999999997,"450045, г. Уфа, ПАО АНК \"Башнефть\" \"Башнефть-Новойл\""]
["Строительные материалы","ПАО АНК \"Башнефть\" \"Башнефть-Новойл\"",4,119,"Кирпич огнеупорный марка ШЛ-1,3-44","Т",1.764,16632,29338.848000000002,"450045, г. Уфа, ПАО АНК \"Башнефть\" \"Башнефть-Новойл\""]
["Строительные материалы","ПАО АНК \"Башнефть\" \"Башнефть-Новойл\"",4,120,"Кирпич огнеупорный марка ШЛ-1,3-45","Т",0.69799999999999995,16632,11609.135999999999,"450045, г. Уфа, ПАО АНК \"Башнефть\" \"Башнефть-Новойл\""]
["Строительные материалы","ПАО АНК \"Башнефть\" \"Башнефть-Новойл\"",4,121,"Кирпич ОК-16 ГОСТ 390","Т",0.85299999999999998,5351.02,4564.4200600000004,"450045, г. Уфа, ПАО АНК \"Башнефть\" \"Башнефть-Новойл\""]
["Строительные материалы","ПАО АНК \"Башнефть\" \"Башнефть-Новойл\"",4,122,"Кирпич ОК-18 ГОСТ 390","Т",0.13300000000000001,169.33,22.520890000000001,"450045, г. Уфа, ПАО АНК \"Башнефть\" \"Башнефть-Новойл\""]
["Строительные материалы","ПАО АНК \"Башнефть\" \"Башнефть-Новойл\"",4,123,"Кирпич ОК-25 ГОСТ 390","Т",0.98,7816.9,7660.5619999999999,"450045, г. Уфа, ПАО АНК \"Башнефть\" \"Башнефть-Новойл\""]
["Строительные материалы","ПАО АНК \"Башнефть\" \"Башнефть-Новойл\"",4,124,"Кирпич ОК-31 ГОСТ 390","Т",0.105,11951.14,1254.8697,"450045, г. Уфа, ПАО АНК \"Башнефть\" \"Башнефть-Новойл\""]
["Строительные материалы","ПАО АНК \"Башнефть\" \"Башнефть-Новойл\"",4,125,"Кирпич ОК-65 ГОСТ 390","Т",13.394,5929.54,79420.258759999997,"450045, г. Уфа, ПАО АНК \"Башнефть\" \"Башнефть-Новойл\""]
["Строительные материалы","ПАО АНК \"Башнефть\" \"Башнефть-Новойл\"",4,126,"Кирпич ОК-79 ГОСТ 390","Т",1.075,11951.11,12847.44325,"450045, г. Уфа, ПАО АНК \"Башнефть\" \"Башнефть-Новойл\""]
["Строительные материалы","ПАО АНК \"Башнефть\" \"Башнефть-Новойл\"",4,127,"Кирпич ОК-80 ГОСТ 390","Т",0.53400000000000003,9121.52,4870.8916800000006,"450045, г. Уфа, ПАО АНК \"Башнефть\" \"Башнефть-Новойл\""]
["Строительные материалы","ПАО АНК \"Башнефть\" \"Башнефть-Новойл\"",4,128,"Глинозем алюминия Г-00 ГОСТ 30558","Т",1,16835.71,16835.71,"450045, г. Уфа, ПАО АНК \"Башнефть\" \"Башнефть-Новойл\""]
["Строительные материалы","ПАО АНК \"Башнефть\" \"Башнефть-Новойл\"",4,129,"Заполнитель Бакор фр.0-5","Т",7,67239.41,470675.87,"450045, г. Уфа, ПАО АНК \"Башнефть\" \"Башнефть-Новойл\""]
["Строительные материалы","ПАО АНК \"Башнефть\" \"Башнефть-Новойл\"",4,130,"Кирпич БКТ-Б-22","Т",2.706,68048.259999999995,184138.59155999997,"450045, г. Уфа, ПАО АНК \"Башнефть\" \"Башнефть-Новойл\""]
["Строительные материалы","ПАО АНК \"Башнефть\" \"Башнефть-Новойл\"",4,131,"Кирпич ША-44 ГОСТ 5040","Т",0.3,6682.68,2004.8040000000001,"450045, г. Уфа, ПАО АНК \"Башнефть\" \"Башнефть-Новойл\""]
["Строительные материалы","ПАО АНК \"Башнефть\" \"Башнефть-Новойл\"",4,132,"Кирпич ША-49","Т",2.8420000000000001,7392,21008.064000000002,"450045, г. Уфа, ПАО АНК \"Башнефть\" \"Башнефть-Новойл\""]
["Строительные материалы","ПАО АНК \"Башнефть\" \"Башнефть-Новойл\"",4,133,"Кирпич ША-49","Т",1.1779999999999999,7392,8707.7759999999998,"450045, г. Уфа, ПАО АНК \"Башнефть\" \"Башнефть-Новойл\""]
["Строительные материалы","ПАО АНК \"Башнефть\" \"Башнефть-Новойл\"",4,134,"Кирпич ША-49","Т",1.6,7392,11827.2,"450045, г. Уфа, ПАО АНК \"Башнефть\" \"Башнефть-Новойл\""]
["Защитные покрытия","ПАО АНК \"Башнефть\" \"Башнефть-Новойл\"",5,135,"Мастика битумная кровельная МБК-Г-55","КГ",898.47,0.89,799.63830000000007,"450045, г. Уфа, ПАО АНК \"Башнефть\" \"Башнефть-Новойл\""]
["Защитные покрытия","ПАО АНК \"Башнефть\" \"Башнефть-Новойл\"",5,136,"Мастика битумная кровельная МБК-Г-55","КГ",207.4,0.89,184.58600000000001,"450045, г. Уфа, ПАО АНК \"Башнефть\" \"Башнефть-Новойл\""]
["Защитные покрытия","ПАО АНК \"Башнефть\" \"Башнефть-Новойл\"",5,137,"Мастика МБК-Г-65","Т",1.6E-2,6.44,0.10304000000000001,"450045, г. Уфа, ПАО АНК \"Башнефть\" \"Башнефть-Новойл\""]
["Защитные покрытия","ПАО АНК \"Башнефть\" \"Башнефть-Новойл\"",5,138,"Состав огнезащитный СГК-2","КГ",12700,63.28,803656,"450045, г. Уфа, ПАО АНК \"Башнефть\" \"Башнефть-Новойл\""]
["Защитные покрытия","ПАО АНК \"Башнефть\" \"Башнефть-Новойл\"",5,139,"Состав огнезащитный СГК-2","КГ",2707,63.28,171298.96,"450045, г. Уфа, ПАО АНК \"Башнефть\" \"Башнефть-Новойл\""]
["Защитные покрытия","ПАО АНК \"Башнефть\" \"Башнефть-Новойл\"",5,140,"Состав огнезащитный СГК-2","КГ",2188,63.28,138456.64000000001,"450045, г. Уфа, ПАО АНК \"Башнефть\" \"Башнефть-Новойл\""]
["Защитные покрытия","ПАО АНК \"Башнефть\" \"Башнефть-Новойл\"",5,141,"Мастика битумная кровельная МБК-Г-55","КГ",35045.129999999997,0.89,31190.165699999998,"450045, г. Уфа, ПАО АНК \"Башнефть\" \"Башнефть-Новойл\""]
["Защитные покрытия","ПАО АНК \"Башнефть\" \"Башнефть-Новойл\"",5,142,"Мастика битумно-резиновая изол. МБР-90","КГ",6470,0.98,6340.5999999999995,"450045, г. Уфа, ПАО АНК \"Башнефть\" \"Башнефть-Новойл\""]
["Защитные покрытия","ПАО АНК \"Башнефть\" \"Башнефть-Новойл\"",5,143,"Мастика МБК-Г-65","Т",1.494,6.44,9.621360000000001,"450045, г. Уфа, ПАО АНК \"Башнефть\" \"Башнефть-Новойл\""]
["Защитные покрытия","ПАО АНК \"Башнефть\" \"Башнефть-Новойл\"",5,144,"Мастика МБК-Г-75","Т",6.65,1262.92,{"$f":"G148*H148","v":8398.4180000000015},"450045, г. Уфа, ПАО АНК \"Башнефть\" \"Башнефть-Новойл\""]
["Железобетонные изделия","ПАО АНК \"Башнефть\" \"Башнефть-Новойл\"",6,145,"Колонна К2-1-1","ШТ",4,12287.35,49149.4,"450045, г. Уфа, ПАО АНК \"Башнефть\" \"Башнефть-Новойл\""]
["Железобетонные изделия","ПАО АНК \"Башнефть\" \"Башнефть-Новойл\"",6,146,"Колонна К13-6а","ШТ",1,10734.46,10734.46,"450045, г. Уфа, ПАО АНК \"Башнефть\" \"Башнефть-Новойл\""]
["Железобетонные изделия","ПАО АНК \"Башнефть\" \"Башнефть-Новойл\"",6,147,"Колонна К2-1","ШТ",1,32839.07,32839.07,"450045, г. Уфа, ПАО АНК \"Башнефть\" \"Башнефть-Новойл\""]
["Железобетонные изделия","ПАО АНК \"Башнефть\" \"Башнефть-Новойл\"",6,148,"Колонна К2-1","ШТ",1,32839.07,32839.07,"450045, г. Уфа, ПАО АНК \"Башнефть\" \"Башнефть-Новойл\""]
["Железобетонные изделия","ПАО АНК \"Башнефть\" \"Башнефть-Новойл\"",6,149,"Колонна К2-1-1","ШТ",1,12287.35,12287.35,"450045, г. Уфа, ПАО АНК \"Башнефть\" \"Башнефть-Новойл\""]
["Железобетонные изделия","ПАО АНК \"Башнефть\" \"Башнефть-Новойл\"",6,150,"Колонна К2-1-2","ШТ",2,13423.9,26847.8,"450045, г. Уфа, ПАО АНК \"Башнефть\" \"Башнефть-Новойл\""]
["Железобетонные изделия","ПАО АНК \"Башнефть\" \"Башнефть-Новойл\"",6,151,"Колонна К25-5-1","ШТ",2,10862.13,21724.26,"450045, г. Уфа, ПАО АНК \"Башнефть\" \"Башнефть-Новойл\""]
["Железобетонные изделия","ПАО АНК \"Башнефть\" \"Башнефть-Новойл\"",6,152,"Колонна К25-5-2","ШТ",2,7291.67,14583.34,"450045, г. Уфа, ПАО АНК \"Башнефть\" \"Башнефть-Новойл\""]
["Железобетонные изделия","ПАО АНК \"Башнефть\" \"Башнефть-Новойл\"",6,153,"Колонна К33-5","ШТ",2,15974.43,31948.86,"450045, г. Уфа, ПАО АНК \"Башнефть\" \"Башнефть-Новойл\""]
["Железобетонные изделия","ПАО АНК \"Башнефть\" \"Башнефть-Новойл\"",6,154,"Колонна К8-6","ШТ",1,9169.2000000000007,9169.2000000000007,"450045, г. Уфа, ПАО АНК \"Башнефть\" \"Башнефть-Новойл\""]
["Железобетонные изделия","ПАО АНК \"Башнефть\" \"Башнефть-Новойл\"",6,155,"Колонна К8-6-Б","ШТ",1,11556.58,11556.58,"450045, г. Уфа, ПАО АНК \"Башнефть\" \"Башнефть-Новойл\""]
["Железобетонные изделия","ПАО АНК \"Башнефть\" \"Башнефть-Новойл\"",6,156,"Колонна К8-6-Б","ШТ",2,11463.08,22926.16,"450045, г. Уфа, ПАО АНК \"Башнефть\" \"Башнефть-Новойл\""]
["Железобетонные изделия","ПАО АНК \"Башнефть\" \"Башнефть-Новойл\"",6,157,"Колонна К8-6-В","ШТ",3,10526.5,31579.5,"450045, г. Уфа, ПАО АНК \"Башнефть\" \"Башнефть-Новойл\""]
["Железобетонные изделия","ПАО АНК \"Башнефть\" \"Башнефть-Новойл\"",6,158,"Панель стеновая НСП30-18","М3",2.9359999999999999,13007.35,38189.579599999997,"450045, г. Уфа, ПАО АНК \"Башнефть\" \"Башнефть-Новойл\""]
["Железобетонные изделия","ПАО АНК \"Башнефть\" \"Башнефть-Новойл\"",6,159,"Панель стеновая НСП30-18","М3",1.772,11966.95,21205.435400000002,"450045, г. Уфа, ПАО АНК \"Башнефть\" \"Башнефть-Новойл\""]
["Железобетонные изделия","ПАО АНК \"Башнефть\" \"Башнефть-Новойл\"",6,160,"Панель стеновая НСП30-18","М3",1.62,12383.17,20060.735400000001,"450045, г. Уфа, ПАО АНК \"Башнефть\" \"Башнефть-Новойл\""]
["Железобетонные изделия","ПАО АНК \"Башнефть\" \"Башнефть-Новойл\"",6,161,"Панель стеновая ПНК-2 ТП901-6-9989-КЖИ","М3",0.98,13826.94,13550.4012,"450045, г. Уфа, ПАО АНК \"Башнефть\" \"Башнефть-Новойл\""]
["Железобетонные изделия","ПАО АНК \"Башнефть\" \"Башнефть-Новойл\"",6,162,"Панель стеновая СП25-9","М3",0.61599999999999999,10137.620000000001,6244.7739200000005,"450045, г. Уфа, ПАО АНК \"Башнефть\" \"Башнефть-Новойл\""]
["Железобетонные изделия","ПАО АНК \"Башнефть\" \"Башнефть-Новойл\"",6,163,"Панель стеновая УСП20-18","М3",1.02,7820.36,7976.7672000000002,"450045, г. Уфа, ПАО АНК \"Башнефть\" \"Башнефть-Новойл\""]
["Железобетонные изделия","ПАО АНК \"Башнефть\" \"Башнефть-Новойл\"",6,164,"Плита перекрытия каналов ПО-4","ШТ",4,6093.63,24374.52,"450045, г. Уфа, ПАО АНК \"Башнефть\" \"Башнефть-Новойл\""]
["Железобетонные изделия","ПАО АНК \"Башнефть\" \"Башнефть-Новойл\"",6,165,"Плита перекрытия П1 черт.И-53.00","ШТ",1,5006.75,5006.75,"450045, г. Уфа, ПАО АНК \"Башнефть\" \"Башнефть-Новойл\""]
["Железобетонные изделия","ПАО АНК \"Башнефть\" \"Башнефть-Новойл\"",6,166,"Плита перекрытия УП20-15","ШТ",2,8601.8799999999992,17203.759999999998,"450045, г. Уфа, ПАО АНК \"Башнефть\" \"Башнефть-Новойл\""]
["Железобетонные изделия","ПАО АНК \"Башнефть\" \"Башнефть-Новойл\"",6,167,"Плита ПТ 75.90.10-15","ШТ",5,1343.49,6717.45,"450045, г. Уфа, ПАО АНК \"Башнефть\" \"Башнефть-Новойл\""]
["Железобетонные изделия","ПАО АНК \"Башнефть\" \"Башнефть-Новойл\"",6,168,"Плита ребристая 2П1-4 А-IV Т-2","ШТ",1,23561.919999999998,23561.919999999998,"450045, г. Уфа, ПАО АНК \"Башнефть\" \"Башнефть-Новойл\""]
["Железобетонные изделия","ПАО АНК \"Башнефть\" \"Башнефть-Новойл\"",6,169,"Балка Б1 черт.И-52.00","ШТ",4,2296.2800000000002,9185.1200000000008,"450045, г. Уфа, ПАО АНК \"Башнефть\" \"Башнефть-Новойл\""]
["Железобетонные изделия","ПАО АНК \"Башнефть\" \"Башнефть-Новойл\"",6,170,"Перемычка 2ПБ13-1","ШТ",1,157.24,157.24,"450045, г. Уфа, ПАО АНК \"Башнефть\" \"Башнефть-Новойл\""]
["Железобетонные изделия","ПАО АНК \"Башнефть\" \"Башнефть-Новойл\"",6,171,"Перемычка 2ПБ29-4","ШТ",6,510.26,3061.56,"450045, г. Уфа, ПАО АНК \"Башнефть\" \"Башнефть-Новойл\""]
["Железобетонные изделия","ПАО АНК \"Башнефть\" \"Башнефть-Новойл\"",6,172,"Перемычка 3ПБ16-37-п","ШТ",7,324.08,2268.56,"450045, г. Уфа, ПАО АНК \"Башнефть\" \"Башнефть-Новойл\""]
["Железобетонные изделия","ПАО АНК \"Башнефть\" \"Башнефть-Новойл\"",6,173,"Перемычка 3ПБ-18-37-п","ШТ",2,406.93,813.86,"450045, г. Уфа, ПАО АНК \"Башнефть\" \"Башнефть-Новойл\""]
["Железобетонные изделия","ПАО АНК \"Башнефть\" \"Башнефть-Новойл\"",6,174,"Перемычка 3ПБ-19-37-п","ШТ",1,345.13,345.13,"450045, г. Уфа, ПАО АНК \"Башнефть\" \"Башнефть-Новойл\""]
["Железобетонные изделия","ПАО АНК \"Башнефть\" \"Башнефть-Новойл\"",6,175,"Перемычка 5ПБ21-27П","ШТ",4,962.09,3848.36,"450045, г. Уфа, ПАО АНК \"Башнефть\" \"Башнефть-Новойл\""]
["Железобетонные изделия","ПАО АНК \"Башнефть\" \"Башнефть-Новойл\"",6,176,"Перемычка 5ПБ21-27П","ШТ",3,861.68,2585.04,"450045, г. Уфа, ПАО АНК \"Башнефть\" \"Башнефть-Новойл\""]
["Железобетонные изделия","ПАО АНК \"Башнефть\" \"Башнефть-Новойл\"",6,177,"Перемычка 5ПБ-36-20-п","ШТ",1,2107.5500000000002,2107.5500000000002,"450045, г. Уфа, ПАО АНК \"Башнефть\" \"Башнефть-Новойл\""]
["Железобетонные изделия","ПАО АНК \"Башнефть\" \"Башнефть-Новойл\"",6,178,"Перемычка 5ПБ-36-20-п","ШТ",2,2080.66,4161.32,"450045, г. Уфа, ПАО АНК \"Башнефть\" \"Башнефть-Новойл\""]
["Железобетонные изделия","ПАО АНК \"Башнефть\" \"Башнефть-Новойл\"",6,179,"Перемычка брусковая 2ПБ-16-2-п","ШТ",5,185.83,929.15000000000009,"450045, г. Уфа, ПАО АНК \"Башнефть\" \"Башнефть-Новойл\""]
["Железобетонные изделия","ПАО АНК \"Башнефть\" \"Башнефть-Новойл\"",6,180,"Ригель Р1-ТП901-6-99.89-КЖ.И","ШТ",3,9894.2900000000009,29682.870000000003,"450045, г. Уфа, ПАО АНК \"Башнефть\" \"Башнефть-Новойл\""]
["Железобетонные изделия","ПАО АНК \"Башнефть\" \"Башнефть-Новойл\"",6,181,"Стойка коническая СК26.2-1.1 для ЛЭП","ШТ",1,371979.15,371979.15,"450045, г. Уфа, ПАО АНК \"Башнефть\" \"Башнефть-Новойл\""]
["Железобетонные изделия","ПАО АНК \"Башнефть\" \"Башнефть-Новойл\"",6,182,"Панель стеновая НСП30-18","М3",1.62,12383.17,20060.735400000001,"450045, г. Уфа, ПАО АНК \"Башнефть\" \"Башнефть-Новойл\""]
["Железобетонные изделия","ПАО АНК \"Башнефть\" \"Башнефть-Новойл\"",6,183,"Плита перекрытия каналов ПО-4","ШТ",4,6093.63,24374.52,"450045, г. Уфа, ПАО АНК \"Башнефть\" \"Башнефть-Новойл\""]
["Железобетонные изделия","ПАО АНК \"Башнефть\" \"Башнефть-Новойл\"",6,184,"Плита ребристая 2П1-4 А-IV Т-2","ШТ",1,23561.919999999998,23561.919999999998,"450045, г. Уфа, ПАО АНК \"Башнефть\" \"Башнефть-Новойл\""]

{"sheet":"Лист1","index":1,"n_rows":0,"n_cols":0,"rows_kept":0,"cut":false,"hidden":false,"merged":[]}